00219 a2200085 450000100060000008200160000610000170002224500670003926000270010663540 a512.896 SPI aSpiegel, M.R aschaum,s outline Series Theory and Problems of vector Analysis a1959bUSAcMcGraw Hall